[Event "FRA-chT2 0910"]
[Site "France"]
[Date "2010.01.24"]
[Round "7.8"]
[White "Bramme, Isabelle"]
[Black "Jeanjean, Dominique"]
[Result "0-1"]
[WhiteElo "1981"]
[BlackElo "2114"]
[PlyCount "106"]
[EventDate "2009.09.27"]
[EventType "team-tourn"]
[EventRounds "11"]
[EventCountry "FRA"]
[SourceTitle "EXT 2011"]
[Source "ChessBase"]
[SourceDate "2010.11.26"]
[SourceVersion "1"]
[SourceVersionDate "2010.11.26"]
[SourceQuality "1"]

1. e4 e5 2. Nf3 Nc6 3. Bb5 a6 4. Bxc6 dxc6 5. 0-0 Qd6 6. d4 exd4 7. Qxd4 Bg4 8. Qxd6 cxd6 9. Nd4 Ne7 10. f3 Bd7 11. Nc3 Ng6 12. Na4 Rd8 13. Nb6 Be7 14. Nxd7 Rxd7 15. Nf5 Bf6 16. Rd1 0-0 17. c3 Ne5 18. Rb1 Rfd8 19. Bf4 g6 20. Ne3 d5 21. exd5 cxd5 22. Nc2 Nc6 23. Nd4 Nxd4 24. cxd4 Rc8 25. Rd2 Bd8 26. Kf1 Bb6 27. Be5 Rc6 28. Rbd1 f6 29. Bf4 Kf7 30. Re2 Rc4 31. Red2 Re7 32. b3 Rc6 33. Bg3 Re8 34. Bf2 Ba5 35. Rd3 Rc2 36. Be1 Bxe1 37. Rxe1 Rxa2 38. Rxe8 Kxe8 39. Rc3 Kd7 40. Rd3 Rb2 41. h4 Kd6 42. g3 a5 43. Ke1 b5 44. Rc3 a4 45. bxa4 bxa4 46. Ra3 Rb4 47. Rd3 Kc6 48. Kd2 Rc4 49. Ke3 Kb5 50. Rd1 Rc3+ 51. Ke2 Kc4 52. Ra1 a3 53. Ra2 Kb3 0-1

[Event "FRA-chT2 0910"]
[Site "France"]
[Date "2009.12.13"]
[Round "6.8"]
[White "Bramme, Isabelle"]
[Black "Teyssier, Jean Paul"]
[Result "1-0"]
[WhiteElo "1991"]
[BlackElo "1728"]
[PlyCount "29"]
[EventDate "2009.09.27"]
[EventType "team-tourn"]
[EventRounds "11"]
[EventCountry "FRA"]
[SourceTitle "EXT 2011"]
[Source "ChessBase"]
[SourceDate "2010.11.26"]
[SourceVersion "1"]
[SourceVersionDate "2010.11.26"]
[SourceQuality "1"]

1. e4 e6 2. Qe2 d5 3. d3 Nc6 4. Nf3 Be7 5. e5 d4 6. g3 b6 7. Bg2 Bb7 8. a3 a5 9. 0-0 Na7 10. Nbd2 c5 11. Ne4 Qd7 12. Re1 Bd8 13. Nd6+ Kf8 14. Nxb7 Qxb7 15. Nxd4 1-0

[Event "FRA-chT2 0910"]
[Site "France"]
[Date "2009.10.18"]
[Round "3.7"]
[White "Bramme, Isabelle"]
[Black "Cwiek, Perrine"]
[Result "1-0"]
[WhiteElo "1983"]
[BlackElo "1824"]
[PlyCount "82"]
[EventDate "2009.09.27"]
[EventType "team-tourn"]
[EventRounds "11"]
[EventCountry "FRA"]
[SourceTitle "EXT 2011"]
[Source "ChessBase"]
[SourceDate "2010.11.26"]
[SourceVersion "1"]
[SourceVersionDate "2010.11.26"]
[SourceQuality "1"]

1. e4 e5 2. Nf3 Nc6 3. Bb5 a6 4. Bxc6 dxc6 5. 0-0 f6 6. d4 exd4 7. Nxd4 Bc5 8. Qh5+ g6 9. Qxc5 Ne7 10. Bh6 b6 11. Qc3 Qd6 12. Nf3 Rg8 13. e5 fxe5 14. Qxe5 Qxe5 15. Nxe5 Bf5 16. Bg5 Bxc2 17. Bxe7 Kxe7 18. Nxc6+ Kd7 19. Nd4 Be4 20. Nc3 Bb7 21. Rad1 Rae8 22. Rfe1 Kc8 23. Rxe8+ Rxe8 24. f3 Re7 25. Kf2 c5 26. Nde2 b5 27. Ng3 b4 28. Nce4 Rc7 29. Nd6+ Kb8 30. Nxb7 Kxb7 31. Ne4 c4 32. Nd6+ Kb6 33. Rc1 c3 34. bxc3 Rxc3 35. Rxc3 bxc3 36. Ke2 Kc5 37. Ne4+ Kc4 38. Kd1 a5 39. Kc2 Kd4 40. h4 h6 41. Nf6 g5 1-0

[Event "FRA-chT2 South 0708"]
[Site "France"]
[Date "2008.04.06"]
[Round "11.6"]
[White "Bramme, Isabelle"]
[Black "Tarayre, Pascal"]
[Result "1-0"]
[WhiteElo "1986"]
[BlackElo "1804"]
[PlyCount "53"]
[EventDate "2007.10.21"]
[EventType "team"]
[EventRounds "11"]
[EventCountry "FRA"]
[SourceTitle "EXT 2009"]
[Source "ChessBase"]
[SourceDate "2008.11.26"]
[SourceVersion "1"]
[SourceVersionDate "2008.11.26"]
[SourceQuality "1"]
[WhiteTeam "Nice"]
[BlackTeam "Tournefeuille"]
[WhiteTeamCountry "FRA"]
[BlackTeamCountry "FRA"]

1. e4 c5 2. c3 Qa5 3. Nf3 Nc6 4. Be2 e6 5. 0-0 Nf6 6. e5 Nd5 7. d4 Be7 8. c4 Ndb4 9. d5 Nd4 10. Nxd4 cxd4 11. d6 Bd8 12. Bd2 Qc5 13. Bxb4 Qxb4 14. Qxd4 f6 15. Qc3 Qxc3 16. Nxc3 fxe5 17. Bf3 a6 18. b4 Rb8 19. Ne4 b6 20. Rac1 Bb7 21. a4 Rc8 22. Nf6+ Bxf6 23. Bxb7 Rb8 24. Bxa6 0-0 25. Bb5 Rbd8 26. a5 bxa5 27. bxa5 1-0

[Event "FRA-chT2 South 0708"]
[Site "France"]
[Date "2007.12.16"]
[Round "4.6"]
[White "Flear, Christine"]
[Black "Bramme, Isabelle"]
[Result "1-0"]
[WhiteElo "2149"]
[BlackElo "2004"]
[PlyCount "67"]
[EventDate "2007.10.21"]
[EventType "team"]
[EventRounds "11"]
[EventCountry "FRA"]
[SourceTitle "EXT 2009"]
[Source "ChessBase"]
[SourceDate "2008.11.26"]
[SourceVersion "1"]
[SourceVersionDate "2008.11.26"]
[SourceQuality "1"]
[WhiteTeam "Montpellier II"]
[BlackTeam "Nice"]
[WhiteTeamCountry "FRA"]
[BlackTeamCountry "FRA"]

1. d4 Nf6 2. c4 e6 3. a3 b6 4. Nc3 Bb7 5. d5 e5 6. Nf3 d6 7. e4 a5 8. Rb1 Be7 9. Bd3 0-0 10. 0-0 Nbd7 11. Re1 h6 12. b4 Nh7 13. g3 Ng5 14. h4 Nxf3+ 15. Qxf3 Nf6 16. Nd1 h5 17. Ne3 axb4 18. axb4 g6 19. Bb2 Bc8 20. Ra1 Rb8 21. Ra7 Ng4 22. Nxg4 Bxg4 23. Qe3 g5 24. f3 Bh3 25. hxg5 Bxg5 26. f4 Bh6 27. Qf2 f6 28. Qh2 Bg4 29. Be2 Kh7 30. Bxg4 hxg4 31. f5 Qe7 32. Bc1 Qg7 33. Bxh6 Qxh6 34. Rxc7+ 1-0

[Event "FRA-chT2 South 0607"]
[Site "France"]
[Date "2007.04.01"]
[Round "11.8"]
[White "Bramme, Isabelle"]
[Black "Boizier, Isabelle"]
[Result "1-0"]
[WhiteElo "2055"]
[BlackElo "1530"]
[PlyCount "67"]
[EventDate "2006.10.15"]
[EventType "team"]
[EventRounds "11"]
[EventCountry "FRA"]
[SourceTitle "EXT 2008"]
[Source "ChessBase"]
[SourceDate "2007.11.25"]
[SourceVersion "1"]
[SourceVersionDate "2007.11.25"]
[SourceQuality "1"]
[WhiteTeam "Nice"]
[BlackTeam "Pau Henri IV"]
[WhiteTeamCountry "FRA"]
[BlackTeamCountry "FRA"]

1. e4 e6 2. Qe2 Be7 3. Nf3 d6 4. g3 Nf6 5. Bg2 Nbd7 6. 0-0 Rb8 7. d4 e5 8. dxe5 Nxe5 9. Nxe5 dxe5 10. Qb5+ Nd7 11. Be3 b6 12. Rd1 a6 13. Qa4 b5 14. Qa5 0-0 15. Qe1 c5 16. Nc3 Qa5 17. f4 Bb7 18. Rxd7 Bf6 19. Bxc5 b4 20. Bxf8 bxc3 21. Qxc3 Qxc3 22. bxc3 Kxf8 23. Rb1 exf4 24. gxf4 Rc8 25. Rbxb7 Bxc3 26. Rxf7+ Kg8 27. Rfc7 Bd4+ 28. Kf1 Rf8 29. Ke2 Rxf4 30. Rc8+ Rf8 31. Rxf8+ Kxf8 32. Rb8+ Ke7 33. Ra8 Kd6 34. Rxa6+ 1-0

[Event "FRA-chT2 South 0607"]
[Site "France"]
[Date "2007.01.21"]
[Round "6.8"]
[White "Bramme, Isabelle"]
[Black "Pernoud, Claire"]
[Result "1-0"]
[WhiteElo "2015"]
[BlackElo "1730"]
[PlyCount "91"]
[EventDate "2006.10.15"]
[EventType "team"]
[EventRounds "11"]
[EventCountry "FRA"]
[SourceTitle "EXT 2008"]
[Source "ChessBase"]
[SourceDate "2007.11.25"]
[SourceVersion "1"]
[SourceVersionDate "2007.11.25"]
[SourceQuality "1"]
[WhiteTeam "Nice"]
[BlackTeam "Grenoble"]
[WhiteTeamCountry "FRA"]
[BlackTeamCountry "FRA"]

1. e4 e5 2. Nf3 Nc6 3. Bb5 a6 4. Bxc6 dxc6 5. 0-0 Bd6 6. d4 Qe7 7. dxe5 Bxe5 8. Nxe5 Qxe5 9. Nc3 Nf6 10. h3 0-0 11. Qf3 b5 12. Bf4 Qe7 13. e5 Nd5 14. Nxd5 cxd5 15. Qxd5 Be6 16. Qf3 f6 17. Qg3 fxe5 18. Bxe5 Rac8 19. Rfe1 Rf7 20. Rad1 Qf8 21. a3 Bf5 22. c3 Bg6 23. Rd2 Re7 24. Red1 Qf5 25. Rd8+ Kf7 26. Rxc8 Qxc8 27. Qf3+ Kg8 28. Qd5+ Bf7 29. Qd8+ Qxd8 30. Rxd8+ Be8 31. Bxc7 Rxc7 32. Rxe8+ Kf7 33. Rd8 Rc6 34. Kf1 Re6 35. Rd4 Ke7 36. a4 bxa4 37. Rxa4 Rb6 38. Re4+ Kf8 39. b4 Rc6 40. c4 Kf7 41. Ke2 g5 42. Kd3 h5 43. b5 axb5 44. cxb5 Rb6 45. Kc4 Kf6 46. Re2 1-0

[Event "FRA-chT2 South 0607"]
[Site "France"]
[Date "2006.10.15"]
[Round "1.8"]
[White "Hausard, Hilda"]
[Black "Bramme, Isabelle"]
[Result "1/2-1/2"]
[WhiteElo "1982"]
[BlackElo "2027"]
[PlyCount "37"]
[EventDate "2006.10.15"]
[EventType "team"]
[EventRounds "11"]
[EventCountry "FRA"]
[SourceTitle "EXT 2008"]
[Source "ChessBase"]
[SourceDate "2007.11.25"]
[SourceVersion "1"]
[SourceVersionDate "2007.11.25"]
[SourceQuality "1"]
[WhiteTeam "Vitrolles"]
[BlackTeam "Nice"]
[WhiteTeamCountry "FRA"]
[BlackTeamCountry "FRA"]

1. e4 e6 2. d4 d5 3. exd5 exd5 4. Nf3 Nf6 5. Bd3 Bd6 6. 0-0 0-0 7. Bg5 Bg4 8. Nbd2 h6 9. Bh4 Bf4 10. c3 g5 11. Bg3 Bxg3 12. fxg3 Qd6 13. Qc2 Nbd7 14. Rfe1 Rae8 15. Nf1 c5 16. Ne3 Be6 17. Nf5 Bxf5 18. Bxf5 c4 19. Bxd7 1/2-1/2

[Event "FRA-chT2C 0506"]
[Site "France"]
[Date "2006.03.12"]
[Round "9.9"]
[White "Suhubiette, Sandra"]
[Black "Bramme, Isabelle"]
[Result "0-1"]
[WhiteElo "1430"]
[BlackElo "2057"]
[PlyCount "90"]
[EventDate "2005.10.27"]
[EventType "team"]
[EventRounds "11"]
[EventCountry "FRA"]
[SourceTitle "EXT 2006"]
[Source "ChessBase"]
[SourceDate "2005.11.24"]
[SourceVersion "1"]
[SourceVersionDate "2005.11.24"]
[SourceQuality "1"]

1. e4 e6 2. d4 d5 3. exd5 exd5 4. Nc3 Nf6 5. Bd3 Bd6 6. Nf3 0-0 7. 0-0 c6 8. Bg5 Bg4 9. Re1 Nbd7 10. Re3 Qc7 11. Qd2 Bxf3 12. Rxf3 Ng4 13. Bf4 Bxf4 14. Qxf4 Qxf4 15. Rxf4 Ngf6 16. Ne2 Rfe8 17. Ng3 g6 18. Kf1 Kg7 19. Be2 Re7 20. h4 Rae8 21. Bf3 Nf8 22. h5 Ne6 23. Rh4 Ng5 24. h6+ Kf8 25. Rf4 Nxf3 26. Rxf3 Ng4 27. Kg1 Nxh6 28. Rd1 Ng4 29. c3 h5 30. Rf4 Re1+ 31. Rxe1 Rxe1+ 32. Nf1 Nh2 33. Kxh2 Rxf1 34. Kg3 Rb1 35. b4 Ra1 36. Rf3 Rxa2 37. Kf4 Re2 38. Kg5 Kg7 39. g3 Re4 40. Rf4 Rxf4 41. Kxf4 Kf6 42. f3 g5+ 43. Ke3 Kf5 44. Kf2 b6 45. Kg2 a5 0-1

[Event "FRA-chT2C 0506"]
[Site "France"]
[Date "2005.12.04"]
[Round "4.8"]
[White "Bramme, Isabelle"]
[Black "Zermiche, Cherif"]
[Result "0-1"]
[WhiteElo "2057"]
[BlackElo "2027"]
[PlyCount "78"]
[EventDate "2005.10.27"]
[EventType "team"]
[EventRounds "11"]
[EventCountry "FRA"]
[SourceTitle "EXT 2006"]
[Source "ChessBase"]
[SourceDate "2005.11.24"]
[SourceVersion "1"]
[SourceVersionDate "2005.11.24"]
[SourceQuality "1"]

1. e4 c5 2. c3 Nc6 3. d4 cxd4 4. cxd4 d5 5. Nc3 e6 6. e5 Qb6 7. Nf3 Nge7 8. Bd3 Bd7 9. 0-0 Nxd4 10. Nxd4 Qxd4 11. Re1 a6 12. Qe2 Nc6 13. Kh1 Bb4 14. Bd2 0-0 15. f4 Qa7 16. Qh5 g6 17. Qh6 Rfd8 18. Re3 Bf8 19. Qh4 Qd4 20. Rh3 h5 21. Qg3 Bg7 22. Qg5 Be8 23. Rg3 Nb4 24. Be3 Qxd3 25. Bb6 Qf5 26. Bxd8 Qxg5 27. Bxg5 Rc8 28. a3 Nc2 29. Rd1 d4 30. Ne4 Ne3 31. Re1 Rc2 32. Kg1 Bc6 33. Nf6+ Bxf6 34. Bxf6 Nxg2 35. Rd1 Nxf4 36. Rb3 d3 37. h4 Nh3+ 38. Kf1 Bg2+ 39. Ke1 Re2# 0-1

[Event "FRA-chT2C 0506"]
[Site "France"]
[Date "2005.10.16"]
[Round "1.7"]
[White "Candy, Romain"]
[Black "Bramme, Isabelle"]
[Result "1-0"]
[WhiteElo "2024"]
[BlackElo "2057"]
[PlyCount "85"]
[EventDate "2005.10.27"]
[EventType "team"]
[EventRounds "11"]
[EventCountry "FRA"]
[SourceTitle "EXT 2006"]
[Source "ChessBase"]
[SourceDate "2005.11.24"]
[SourceVersion "1"]
[SourceVersionDate "2005.11.24"]
[SourceQuality "1"]

1. e4 e6 2. d4 d5 3. Nc3 Bb4 4. e5 Qd7 5. a3 Bxc3+ 6. bxc3 b6 7. Qg4 f5 8. Qg3 Ba6 9. Nh3 Bxf1 10. Kxf1 Nc6 11. Nf4 0-0-0 12. h4 Na5 13. h5 Qf7 14. Rh4 Ne7 15. Nh3 h6 16. Kg1 Rdg8 17. Nf4 g5 18. hxg6 Nxg6 19. Nxg6 Rxg6 20. Qh3 h5 21. Bf4 Rg4 22. f3 Rg7 23. Kf2 Nc6 24. Rh1 Qg6 25. Rh2 Rgh7 26. Qg3 Qxg3+ 27. Kxg3 Na5 28. Kf2 Nc4 29. Bc1 Kd7 30. Ke2 Rg8 31. g4 Ke8 32. Rxh5 Rxh5 33. gxh5 Kf7 34. Kf2 a5 35. Rh3 a4 36. Rg3 Rh8 37. Rg5 Rh7 38. Kg3 Na5 39. Kh4 Nc6 40. Rg6 Nd8 41. Bg5 Nc6 42. Rf6+ Kg8 43. Rxe6 1-0

[Event "FRA-chT2 0405"]
[Site "France"]
[Date "2005.03.13"]
[Round "9.7"]
[White "Rodrigues, Emmanuel"]
[Black "Bramme, Isabelle"]
[Result "1-0"]
[WhiteElo "2104"]
[BlackElo "2079"]
[PlyCount "138"]
[EventDate "2004.10.10"]
[EventType "team"]
[EventRounds "11"]
[EventCountry "FRA"]
[SourceTitle "EXT 2006"]
[Source "ChessBase"]
[SourceDate "2005.11.24"]
[SourceVersion "1"]
[SourceVersionDate "2005.11.24"]
[SourceQuality "1"]
[WhiteTeam "Grenoble"]
[BlackTeam "Echiquier Nicois  II"]
[WhiteTeamCountry "FRA"]
[BlackTeamCountry "FRA"]

1. e4 e6 2. Nf3 d5 3. Nc3 d4 4. Ne2 c5 5. Ng3 Nf6 6. Bb5+ Nbd7 7. 0-0 a6 8. Bxd7+ Bxd7 9. Ne5 Bb5 10. d3 h5 11. a4 Bd7 12. Bg5 Be7 13. f4 h4 14. Nh1 Nh5 15. Qg4 Nf6 16. Qh3 Nh5 17. Qg4 Nf6 18. Qh3 Nh5 19. Bxe7 Qxe7 20. Nxd7 Kxd7 21. f5 Raf8 22. Nf2 Nf4 23. Qg4 Nh5 24. Nh3 f6 25. fxe6+ Qxe6 26. Rf5 b6 27. Qxh4 g6 28. Rd5+ Kc6 29. Nf4 Nxf4 30. Qxf4 f5 31. Qe5 Qxe5 32. Rxe5 fxe4 33. Rxe4 Rf6 34. Rae1 Kd6 35. Re7 Rhf8 36. h4 a5 37. b3 Kd5 38. R1e5+ Kd6 39. Re2 Rf1+ 40. Kh2 R8f6 41. Kh3 Kd5 42. R7e5+ Kd6 43. R5e4 Kd5 44. Kg4 Kd6 45. g3 Kd5 46. Rf4 R1xf4+ 47. gxf4 Kd6 48. Re5 Rf7 49. Re8 Rf6 50. Re5 Rf7 51. h5 gxh5+ 52. Rxh5 Rf6 53. Kg5 Ke6 54. Rh2 Rf5+ 55. Kg4 Rf6 56. Re2+ Kf7 57. f5 Rd6 58. Kg5 Rc6 59. Rh2 Kg7 60. Re2 Kf7 61. Re4 Rd6 62. Re5 Rc6 63. Kf4 Rd6 64. Ke4 Kf6 65. Re8 Kf7 66. Rh8 Kg7 67. Ke5 Rc6 68. Rh4 Rc8 69. f6+ Kg6 1-0

[Event "FRA-chT2 0405"]
[Site "France"]
[Date "2005.01.08"]
[Round "5.7"]
[White "Bouguerra, Tayeb"]
[Black "Bramme, Isabelle"]
[Result "1-0"]
[WhiteElo "2049"]
[BlackElo "2079"]
[PlyCount "75"]
[EventDate "2004.10.10"]
[EventType "team"]
[EventRounds "11"]
[EventCountry "FRA"]
[SourceTitle "EXT 2006"]
[Source "ChessBase"]
[SourceDate "2005.11.24"]
[SourceVersion "1"]
[SourceVersionDate "2005.11.24"]
[SourceQuality "1"]
[WhiteTeam "Montpellier  II"]
[BlackTeam "Echiquier Nicois  II"]
[WhiteTeamCountry "FRA"]
[BlackTeamCountry "FRA"]

1. d4 Nf6 2. Nc3 e6 3. e4 d5 4. Bd3 dxe4 5. Nxe4 Nxe4 6. Bxe4 Nd7 7. Nf3 c5 8. 0-0 Nf6 9. Bg5 h6 10. Bxf6 Qxf6 11. c3 cxd4 12. cxd4 Bd6 13. Qa4+ Bd7 14. Qb3 Rb8 15. Rad1 0-0 16. Rfe1 Rfc8 17. Bb1 Bc6 18. Ne5 Bxe5 19. Rxe5 Rd8 20. Qe3 Rbc8 21. f4 Qh4 22. Be4 Bxe4 23. Qxe4 Rc4 24. Rxe6 fxe6 25. Qxe6+ Kh8 26. Qxc4 Qxf4 27. Qd3 Qf7 28. d5 Rd6 29. h3 Kg8 30. Qd4 a6 31. a4 Qd7 32. Qe4 Qd8 33. Qf5 Qb6+ 34. Kh1 Qxb2 35. Re1 Qf6 36. Qc8+ Kh7 37. Qxb7 Qd4 38. Qb1+ 1-0

[Event "FRA-chT2 0405"]
[Site "France"]
[Date "2004.11.07"]
[Round "3.7"]
[White "Scandella, Thierry"]
[Black "Bramme, Isabelle"]
[Result "1-0"]
[WhiteElo "2170"]
[BlackElo "2079"]
[PlyCount "49"]
[EventDate "2004.10.10"]
[EventType "team"]
[EventRounds "11"]
[EventCountry "FRA"]
[SourceTitle "EXT 2006"]
[Source "ChessBase"]
[SourceDate "2005.11.24"]
[SourceVersion "1"]
[SourceVersionDate "2005.11.24"]
[SourceQuality "1"]

1. Nf3 e6 2. b3 Nf6 3. Bb2 d5 4. e3 Bd6 5. d4 0-0 6. Bd3 Qe7 7. 0-0 Nbd7 8. Ne5 c5 9. Nd2 Bb8 10. f4 cxd4 11. exd4 Rd8 12. Rf3 Nf8 13. Rh3 Qb4 14. c3 Qd6 15. Qf3 Qe7 16. Re1 g6 17. Qf2 N6d7 18. Ndf3 Nxe5 19. fxe5 Bd7 20. Bc1 Rc8 21. Bg5 Qe8 22. Bf6 h5 23. Rxh5 gxh5 24. Qh4 Ng6 25. Qxh5 1-0

[Event "FRA-chT2 0405"]
[Site "France"]
[Date "2004.10.10"]
[Round "1.7"]
[White "Verot, Melanie"]
[Black "Bramme, Isabelle"]
[Result "1/2-1/2"]
[WhiteElo "2100"]
[BlackElo "2079"]
[PlyCount "108"]
[EventDate "2004.10.10"]
[EventType "team"]
[EventRounds "11"]
[EventCountry "FRA"]
[SourceTitle "EXT 2006"]
[Source "ChessBase"]
[SourceDate "2005.11.24"]
[SourceVersion "1"]
[SourceVersionDate "2005.11.24"]
[SourceQuality "1"]
[WhiteTeam "Cannes II"]
[BlackTeam "Echiquier Nicois  II"]
[WhiteTeamCountry "FRA"]
[BlackTeamCountry "FRA"]

1. d4 Nf6 2. c4 e6 3. Nc3 Bb4 4. Nf3 0-0 5. Bg5 Be7 6. e4 d6 7. Bd3 Nc6 8. e5 dxe5 9. dxe5 Nd7 10. Bxe7 Qxe7 11. 0-0 Rd8 12. Qe2 Nf8 13. Rad1 Nb4 14. Bb1 a5 15. Ne4 b6 16. Rxd8 Qxd8 17. c5 Ba6 18. Qe1 Bxf1 19. Qxf1 Ng6 20. Nc3 Nf4 21. g3 Ng6 22. h4 Nd5 23. Ne4 Rb8 24. c6 Nb4 25. Neg5 Nf8 26. Be4 Nxa2 27. Qb1 h6 28. Bh7+ Nxh7 29. Qxh7+ Kf8 30. Ne4 g6 31. Qxh6+ Ke7 32. Qg5+ Kf8 33. Nf6 Kg7 34. h5 Qd1+ 35. Kg2 Rh8 36. g4 Qc1 37. Qh4 Qf4 38. Nd7 gxh5 39. Qf6+ Qxf6 40. exf6+ Kg8 41. g5 Nb4 42. Nd4 Kh7 43. Ne5 Nd5 44. Kg3 Kg8 45. Kh4 Nf4 46. Nd7 Ng6+ 47. Kh3 Nf4+ 48. Kh4 Ng6+ 49. Kh3 Kh7 50. Nb5 Rc8 51. b3 Kg8 52. Na7 Rd8 53. Nb5 Rc8 54. Na7 Rd8 1/2-1/2

[Event "FRA-chT2 0304a"]
[Site "France"]
[Date "2004.02.01"]
[Round "7.6"]
[White "Delabaca, Romuald"]
[Black "Bramme, Isabelle"]
[Result "1/2-1/2"]
[WhiteElo "2188"]
[BlackElo "2098"]
[PlyCount "39"]
[EventDate "2003.10.??"]
[EventType "team"]
[EventRounds "11"]
[EventCountry "FRA"]
[SourceTitle "EXT 2005"]
[Source "ChessBase"]
[SourceDate "2004.11.15"]
[SourceVersion "1"]
[SourceVersionDate "2004.11.15"]
[SourceQuality "1"]
[WhiteTeam "Cannes II"]
[BlackTeam "Echiquier Nicois II"]
[WhiteTeamCountry "FRA"]
[BlackTeamCountry "FRA"]

1. e4 e6 2. d4 d5 3. Nc3 Bb4 4. Nge2 Nf6 5. Bg5 dxe4 6. a3 Be7 7. Bxf6 Bxf6 8. Nxe4 Be7 9. N2g3 Nd7 10. Bd3 Nf6 11. c3 Bd7 12. Qc2 Nd5 13. 0-0 Nf4 14. Bc4 Bc6 15. Ne2 Bg5 16. Nxf4 Bxf4 17. g3 Bd6 18. Nxd6+ Qxd6 19. Qe2 0-0 20. Rad1 1/2-1/2

[Event "FRA-chT 01 (Women)"]
[Site "Clichy"]
[Date "2001.??.??"]
[Round "?"]
[White "Crabie, Pauline"]
[Black "Bramme, Isabelle"]
[Result "1/2-1/2"]
[WhiteElo "1800"]
[BlackElo "2076"]
[PlyCount "52"]
[EventDate "2001.02.??"]
[EventType "team"]
[EventRounds "11"]
[EventCountry "FRA"]
[SourceTitle "CBM 080 Extra"]
[Source "ChessBase"]
[SourceDate "2001.03.08"]
[SourceVersion "1"]
[SourceVersionDate "2001.03.08"]
[SourceQuality "1"]

1. e4 e6 2. d4 d5 3. exd5 exd5 4. Bd3 Bd6 5. Nf3 Nf6 6. Nbd2 0-0 7. 0-0 Bg4 8. Re1 Nbd7 9. c3 Re8 10. Rxe8+ Qxe8 11. Qe1 Qxe1+ 12. Nxe1 Re8 13. Nc2 Be2 14. Bxe2 Rxe2 15. Kf1 Re6 16. Nf3 Ne4 17. Be3 Nb6 18. Re1 Nc4 19. Bc1 b5 20. Ne3 Nxe3+ 21. Bxe3 h6 22. Nd2 Nf6 23. h3 Nh5 24. g3 f5 25. g4 fxg4 26. hxg4 Nf4 1/2-1/2